| 000 | 00973nam a2200253 a 4500 | ||
|---|---|---|---|
| 001 | 49426 | ||
| 003 | BD-RjUL | ||
| 005 | 20211209054658.0 | ||
| 008 | 700217s1969 pk k 001 0 eng | ||
| 020 | _c:Rs.30.00 | ||
| 035 | _a(BD-RjUL)49545 | ||
| 040 |
_aDLC _cDLC _dBD-RjUL _beng |
||
| 041 | _aeng | ||
| 082 | 0 | 0 |
_a340 _223 _bHAL 1969 |
| 100 | 1 |
_aHasan, Masudul. _9148366 |
|
| 245 | 1 | 0 |
_aLaw and practice of basic democracies & local government in Pakistan; _bbeing an exhaustive and critical commentary on the Basic democracies order, 1959 with up-to-date caselaw, rules, notifications, and government circulars. / |
| 260 |
_aLahore : _bAll Pakistan Legal Decisions, _c[1969] |
||
| 300 |
_aviii, 531, 266, xx p. : _bforms.; _c25 cm. |
||
| 350 | _a30.00 | ||
| 500 | _aIncludes Index | ||
| 650 | 0 |
_aLocal government _xLaw and legislation _zPakistan. _9148344 |
|
| 710 | 1 | 2 |
_aPakistan. _kLaws, statutes, etc. _tBasic democracies order, 1959. 1969. _9148367 |
| 942 |
_2ddc _cBK |
||
| 999 |
_c49426 _d49426 |
||